Future work.( 2nd edition) (Record no. 44274)

MARC details
000 -LEADER
fixed length control field 00712nam a2200181 a 4500
008 - FIXED-LENGTH DATA ELEMENTS--GENERAL INFORMATION
fixed length control field 211130s2014 ||||||||||||||||| || u
020 ## - INTERNATIONAL STANDARD BOOK NUMBER
International Standard Book Number 9781137367150
050 ## - LIBRARY OF CONGRESS CALL NUMBER
Classification number HF 5549 Mai
100 ## - MAIN ENTRY--PERSONAL NAME
Personal name Maitland, Alison
245 10 - TITLE STATEMENT
Title Future work.( 2nd edition)
Statement of responsibility, etc. By Alison Maitland; Peter Thomson
250 ## - EDITION STATEMENT
Edition statement 2nd edition
260 ## - PUBLICATION, DISTRIBUTION, ETC.
Place of publication, distribution, etc. United Kingdom
Name of publisher, distributor, etc. Palgrave Macmillan
Date of publication, distribution, etc. 2014
300 ## - PHYSICAL DESCRIPTION
Extent xviii, 231 pages :illustrations
650 ## - SUBJECT ADDED ENTRY--TOPICAL TERM
Topical term or geographic name entry element MANPOWER PLANNING
650 ## - SUBJECT ADDED ENTRY--TOPICAL TERM
Topical term or geographic name entry element LABOR SUPPLY--EFFECT OF TECHNOLOGICAL INNOVATIONS ON
700 ## - ADDED ENTRY--PERSONAL NAME
Personal name Thomson, Peter
995 ## - RECOMMENDATION 995 [LOCAL, UNIMARC FRANCE]
-- CBU-MAIN LIBRARY (Kitwe)
-- 49.36
-- 1
-- AVAILABLE
-- Nov 30, 2021
-- Main Library Open Access Collection
Holdings
Withdrawn status Lost status Source of classification or shelving scheme Damaged status Not for loan Home library Current library Shelving location Date acquired Total Checkouts Full call number Barcode Date last seen Price effective from Koha item type
          CBU-MAIN LIBRARY, KITWE. CBU-MAIN LIBRARY, KITWE.   11/30/2022   HF 5549 Mai 751253 11/30/2022 11/30/2022 MONOGRAPH